Texas Trivia - Part 1 - Statistics

General Stats
  • This quiz has been taken 14 times
  • The average score is 18 of 26
Answer Stats
Question Answer % Correct
What's capital of Texas? Austin
100%
Where do the Cowboys play at? Dallas
100%
Where did John F. Kennedy get assassinated? Dallas
100%
What's the most populated city in Texas? Houston
100%
Do Texans mainly live in the east or the west? East
93%
What is the largest Texan city in West Texas? El Paso
93%
What Texas city is the only major city in Mountain Time? El Paso
93%
What type of natural disaster struck Galveston on 1901? Hurricane
93%
What is the river separating Texas from Mexico? Rio Grande
93%
Where did the Battle of the Alamo take place? San Antonio
93%
What is the nickname of Texas? Lone Star State
86%
What resource is mainly extracted from the west? Oil
86%
Were there any US presidents born in Texas? Yes
86%
Is Texas the second largest state? Yes
86%
What Texas town is shared by the state and Arkansas? Texarkana
79%
What type of natural disaster struck Waco on 1953? Tornado
79%
Which cardinal direction did the late February 2024 wildfires start? North
64%
What year did Texas join the United States? 1845
57%
What national park is located southeast of El Paso? Big Bend
57%
When did Texas gain independence from Mexico? 1836
50%
What county is San Antonio located? Bexar
43%
What town is famous for its own version of the Eiffel Tower? Paris, Texas
21%
Where was Selena Gomez born? Grand Prairie
7%
What national park is located in North Texas? Palo Duro Canyon
7%
What is the largest county in Texas? Brewster County
0%
What town was featured in the 1974 movie Benji? McKinney
0%
No matching quizzes found
Score Distribution
Percent of People with Each Score
Percentile by Number Answered
Your Score History
You have not taken this quiz